| 000 | 00876nam a2200217Ia 4500 | ||
|---|---|---|---|
| 999 |
_c39441 _d39441 |
||
| 001 | 6032 | ||
| 003 | GE_BSU | ||
| 005 | 20190905115747.0 | ||
| 008 | 181216s1972||||ge |||||||||||||| ||geo|| | ||
| 040 | _cGE_BSU | ||
| 041 | _aGEO | ||
| 080 | _a821.353.1-31 ა-26 | ||
| 100 |
_aადამია, ალიო _93893 |
||
| 245 |
_aდიდი და პატარა ეკატერინე : _bრომანი / _cალიო ადამია ; რედ. რ. ორჯონიკიძე. |
||
| 264 |
_aთბილისი : _bსაბჭოთა საქართველო ; _c1972. |
||
| 300 |
_a475 გვ. ; _c17 სმ. |
||
| 653 | _aდიდი და პატარა ეკატერინე | ||
| 653 | _aრომანი | ||
| 700 |
_aორჯონიკიძე, რ. _eრედაქტორი _93899 |
||
| 942 |
_cBK _2udc |
||